|
|
|
|
| LEADER |
00000nam a2200000 a 4500 |
| 001 |
vtls001332551 |
| 003 |
SK-MaSNL |
| 005 |
20260301235728.0 |
| 008 |
251023s1998 xo r slo |
| 015 |
|
|
|a SNBA1998/11-04244
|
| 035 |
|
|
|a SNK000285452
|
| 035 |
|
|
|a urn:nbn:sk:snk-amkhr1
|
| 035 |
|
|
|a urn:nbn:sk:snk-am008gux
|
| 035 |
|
|
|a 36823FCC-B6EA-4E8A-B293-2DC51782BD32
|
| 040 |
|
|
|a SNK
|b slo
|c SNK
|e AACR2
|
| 041 |
0 |
|
|a slo
|
| 044 |
|
|
|a xo
|c SK
|
| 080 |
|
|
|a 242
|2 1981
|
| 100 |
1 |
|
|a Pellegrini, Pino
|4 aut
|9 46233
|
| 245 |
1 |
0 |
|a 365 zamyslení na každý deň
|c [Pino Pellegrini ; preložil a upravil: Ján Račok]
|
| 246 |
1 |
3 |
|a Tristošesťdesiatpäť zamyslení na každý deň
|
| 260 |
|
|
|a Prešov
|b Michal Vaško
|c 1998
|
| 300 |
|
|
|a 101 s.
|c 21 cm
|
| 500 |
|
|
|a Údaj o aut. a prekl. prevzatý z rubu tit. strany
|
| 500 |
|
|
|a Pre vnútornú potrebu
|
| 650 |
0 |
7 |
|a úvahy náboženské
|2 SNK
|9 294169
|
| 655 |
|
7 |
|a príručky
|2 SNK
|9 74364
|
| 700 |
1 |
|
|a Račok, Ján
|4 trl
|9 9885
|
| 958 |
|
|
|a OND
|
| 958 |
|
|
|a TL
|
| 958 |
|
|
|a OP
|
| 958 |
|
|
|a NS
|
| 958 |
|
|
|a IT
|
| 958 |
|
|
|a NT
|
| 968 |
|
|
|b IT
|
| 999 |
|
|
|c 976375
|d 978305
|
| 952 |
|
|
|t P60, <03>, [BOOK], {603}
|a SNK
|b SNK
|y PREZ
|7 0
|p 17A0141822
|o snkSC 95928
|i snkKSP 5641/98
|0 0
|1 0
|4 0
|d 1998-05-29
|f 1
|l 0
|r 2025-09-12 00:00:00
|w 2026-02-24
|
| 952 |
|
|
|t P60, <04>, [BOOK], {604}
|a SNK
|b SNK
|y VYP
|7 0
|p 17A0141821
|o snkSC 95928 D1
|i snkKSP 5642/98
|0 0
|1 0
|4 0
|d 1998-05-29
|l 0
|r 2005-01-02 00:00:00
|w 2026-02-24
|